000 00543nam a2200193Ia 4500
003 OSt
005 20250819154505.0
008 210210b1965 xxu||||| |||| 00| 0 eng d
040 _cAL
041 _aKannada
082 _aK894.3 NADS
100 _aNADIGERA KRASHNARAYA.
_9138723
_dನಾಡಿಗೇರ ಕೃಷ್ಣರಾಯ
245 _aShilabalike. ಶಿಲಾಬಾಲಿಕೆ
260 _aBengaluru
_bVijaya Vahini Prakashana
_c1965
300 _a173
690 _aKannada Fiction
_9138724
906 _a031297
942 _2ddc
_cBK
999 _c82463
_d82463